[Event "65th ch-RUS HL w 2015"]
[Site "Kaliningrad RUS"]
[Date "2015.06.23"]
[Round "2.11"]
[White "Rodionova, Daria"]
[Black "Belenkaya, Dina"]
[Result "1/2-1/2"]
[WhiteTitle "WFM"]
[BlackTitle "WFM"]
[WhiteElo "2223"]
[BlackElo "2213"]
[WhiteFideId "24136638"]
[BlackFideId "24142654"]
[EventDate "2015.06.22"]

1. e4 c6 2. d4 d5 3. Nc3 dxe4 4. Nxe4 Bf5 5. Ng3 Bg6 6. h4 h6 7. Nf3 Nd7 8. h5
Bh7 9. Bd3 Bxd3 10. Qxd3 e6 11. Bd2 Ngf6 12. O-O-O Be7 13. Kb1 Qb6 14. Rhe1 O-O
15. Nf5 exf5 16. Rxe7 Qd8 17. Qa3 Ne4 18. Nh4 Ndf6 19. Nxf5 Qd5 20. Ne3 Qxh5 21.
Be1 Rfe8 22. f3 Ng5 23. Rxb7 Nxf3 24. gxf3 Qxf3 25. Rxa7 Rxa7 26. Qxa7 Rxe3 27.
Rc1 Qe4 28. Qa5 h5 29. a4 h4 30. Qd8+ Kh7 31. Bxh4 Qxh4 32. a5 Re1 33. Rxe1
Qxe1+ 34. Ka2 Nd5 35. c3 Qe2 36. Kb3 Qb5+ 37. Kc2 Ne3+ 38. Kb1 Qd3+ 39. Ka2 Qc4+
40. Kb1 Qd3+ 41. Ka2 Qc4+ 42. Kb1 f5 43. Qe8 Ng4 44. Qc8 Ne3 45. a6 Qb3 46. Qe8
Qd1+ 47. Ka2 Qa4+ 48. Kb1 Qd1+ 49. Ka2 Qa4+ 50. Kb1 Ng4 51. Qc8 Qd1+ 52. Ka2
Qa4+ 53. Kb1 Ne3 1/2-1/2

[Event "65th ch-RUS HL w 2015"]
[Site "Kaliningrad RUS"]
[Date "2015.06.23"]
[Round "2.12"]
[White "Charochkina, Daria"]
[Black "Averchenko, Ekaterina"]
[Result "1-0"]
[WhiteTitle "IM"]
[BlackTitle "WFM"]
[WhiteElo "2398"]
[BlackElo "2184"]
[WhiteFideId "4180917"]
[BlackFideId "4152662"]
[EventDate "2015.06.22"]

1. b3 e5 2. Bb2 Nc6 3. c4 f5 4. Nc3 Nf6 5. e3 Be7 6. d4 e4 7. d5 Ne5 8. Nh3 O-O
9. Be2 Ng6 10. Qc2 Bd6 11. O-O-O a6 12. Kb1 Qe7 13. f3 exf3 14. Bxf3 Nh4 15. Qd3
Be5 16. Nf4 Rb8 17. Be2 d6 18. g3 Ng6 19. Bf3 b5 20. cxb5 axb5 21. b4 Re8 22.
Rhe1 Ne4 23. Bxe4 Bxc3 24. Qxc3 Qxe4+ 25. Ka1 Re7 26. Nh5 Ne5 27. Rf1 Nc4 28.
Rfe1 Nxb2 29. Kxb2 Ra8 30. a3 Bd7 31. Nf4 Qe5 32. Qxe5 dxe5 33. Nd3 Be8 34. e4
Bh5 35. Rc1 Rd8 36. exf5 Rxd5 37. Nf4 Rd2+ 38. Rc2 Rxc2+ 39. Kxc2 Bg4 40. Nd5
Bxf5+ 41. Kb2 Rd7 42. Rxe5 Bg4 43. Rg5 Kf7 44. Nxc7 Rxc7 45. Rxg4 Kf6 46. h4 h6
47. h5 Kf5 48. Rd4 Ke5 49. Rd8 Rf7 50. Rb8 Rf2+ 51. Kc1 Kd4 52. Rxb5 Kc3 53. Kd1
Kb3 54. Ra5 Rh2 55. g4 Rg2 56. b5 Rxg4 57. b6 Rg1+ 58. Ke2 Kc4 59. Rb5 Rg2+ 60.
Kf1 Ra2 61. b7 Ra1+ 62. Ke2 Ra2+ 63. Kd1 1-0

[Event "65th ch-RUS HL w 2015"]
[Site "Kaliningrad RUS"]
[Date "2015.06.24"]
[Round "3.1"]
[White "Bodnaruk, Anastasia"]
[Black "Kovanova, Baira"]
[Result "0-1"]
[WhiteTitle "IM"]
[BlackTitle "WGM"]
[WhiteElo "2428"]
[BlackElo "2388"]
[WhiteFideId "4181751"]
[BlackFideId "4164083"]
[EventDate "2015.06.22"]

1. e4 e5 2. Nf3 Nc6 3. Bb5 a6 4. Ba4 Nf6 5. O-O Be7 6. Re1 b5 7. Bb3 d6 8. c3
O-O 9. h3 Na5 10. Bc2 c5 11. d4 Nd7 12. Nbd2 exd4 13. cxd4 Nc6 14. d5 Nce5 15.
Nxe5 Nxe5 16. f4 Ng6 17. Nf3 Bh4 18. Nxh4 Qxh4 19. f5 Ne5 20. Rf1 Re8 21. Kh2
Bd7 22. g3 Qf6 23. Rb1 b4 24. g4 h6 25. b3 Bb5 26. Rf2 g5 27. Kg3 Rac8 28. Bb2
a5 29. Qd2 c4 30. Bd4 Re7 31. a3 cxb3 32. Bxb3 a4 33. Qxb4 Bd3 34. Bxa4 Bxe4 35.
Re1 Bxd5 36. Bb5 h5 37. gxh5 Qh6 38. Bxe5 Rxe5 39. Rxe5 dxe5 40. Be2 Qc6 41. Qd2
f6 42. a4 e4 43. Rf1 Qd6+ 44. Kg4 e3 45. Qxe3 Qb4+ 46. Kg3 Rc3 47. Bd3 Be4 48.
Rd1 Qd6+ 49. Kg4 Rxd3 50. Rxd3 Qxd3 51. Qxd3 Bxd3 52. h4 gxh4 53. Kxh4 Kg7 54.
Kg4 Kh6 55. a5 Ba6 56. Kh4 Be2 57. Kg3 Kxh5 58. Kf4 Ba6 59. Ke4 Kg4 0-1

[Event "65th ch-RUS HL w 2015"]
[Site "Kaliningrad RUS"]
[Date "2015.06.24"]
[Round "3.2"]
[White "Pustovoitova, Daria"]
[Black "Savina, Anastasia"]
[Result "1-0"]
[WhiteTitle "FM"]
[BlackTitle "IM"]
[WhiteElo "2351"]
[BlackElo "2422"]
[WhiteFideId "4182146"]
[BlackFideId "4196872"]
[EventDate "2015.06.22"]

1. e4 g6 2. d4 Bg7 3. f4 d6 4. Nf3 Nf6 5. Nc3 O-O 6. Bd3 Bg4 7. e5 dxe5 8. dxe5
Nd5 9. Be4 Nxc3 10. Qxd8 Rxd8 11. bxc3 Nc6 12. Rb1 Rab8 13. Be3 f6 14. exf6 Bxf6
15. c4 Be6 16. Bd3 Bc3+ 17. Ke2 Na5 18. Bxa7 Ra8 19. Bc5 Bxc4 20. Bxc4+ Nxc4 21.
Rhd1 Rxd1 22. Rxd1 b6 23. Bxe7 Re8 24. Rd8 Kf7 25. Rxe8 Kxe8 26. Kd3 Bg7 27.
Kxc4 Kxe7 28. Kd5 Kf6 29. Kc6 Kf5 30. Kxc7 b5 31. Kc6 b4 32. Kb5 Bf8 33. Nd4+
Ke4 34. Nc6 Bd6 35. g3 Kf3 36. Nxb4 Kg2 37. a4 Kxh2 38. a5 Kxg3 39. a6 Bb8 40.
Nc6 1-0

[Event "65th ch-RUS HL w 2015"]
[Site "Kaliningrad RUS"]
[Date "2015.06.24"]
[Round "3.3"]
[White "Guseva, Marina"]
[Black "Bivol, Alina"]
[Result "1-0"]
[WhiteTitle "IM"]
[BlackTitle "WIM"]
[WhiteElo "2410"]
[BlackElo "2354"]
[WhiteFideId "4149351"]
[BlackFideId "4100123"]
[EventDate "2015.06.22"]

1. d4 Nf6 2. c4 b6 3. Nc3 Bb7 4. f3 d5 5. cxd5 Nxd5 6. e4 Nxc3 7. bxc3 e5 8.
Qa4+ Bc6 9. Bb5 Qd7 10. Bxc6 Qxc6 11. Qxc6+ Nxc6 12. Ne2 O-O-O 13. Be3 g6 14.
O-O-O Bg7 15. Kc2 Rhe8 16. Bg5 Rd7 17. d5 Na5 18. Nc1 h6 19. Bh4 f5 20. Nd3 fxe4
21. fxe4 Rf7 22. Rhf1 Ref8 23. Rxf7 Rxf7 24. Bg3 Nc4 25. Re1 Re7 26. Nb4 Kb7 27.
Nc6 Re8 28. Kd3 Nb2+ 29. Ke2 Na4 30. Rf1 Nxc3+ 31. Kd3 Nb5 32. Rf7 Bh8 33. Rh7
h5 34. Bh4 Nd6 35. Bd8 1-0

[Event "65th ch-RUS HL w 2015"]
[Site "Kaliningrad RUS"]
[Date "2015.06.24"]
[Round "3.4"]
[White "Gritsayeva, Oksana"]
[Black "Kashlinskaya, Alina"]
[Result "0-1"]
[WhiteTitle "WFM"]
[BlackTitle "IM"]
[WhiteElo "2321"]
[BlackElo "2432"]
[WhiteFideId "14104652"]
[BlackFideId "4198026"]
[EventDate "2015.06.22"]

1. Nf3 Nf6 2. d4 g6 3. g3 Bg7 4. Bg2 O-O 5. O-O d5 6. c4 dxc4 7. Na3 c3 8. bxc3
c5 9. e3 Nc6 10. Bb2 Qa5 11. Nc4 Qa6 12. Nce5 Nxe5 13. Nxe5 Be6 14. Re1 Nd7 15.
Nxd7 Bxd7 16. a4 Rab8 17. Qb3 Rfc8 18. Bf1 c4 19. Qc2 e5 20. e4 b5 21. axb5 Qxb5
22. Reb1 exd4 23. cxd4 Qb3 24. Qc1 Qf3 25. Bg2 Qd3 26. Qe3 Qxe3 27. fxe3 c3 28.
Ba3 Rxb1+ 29. Rxb1 c2 30. Re1 Bf8 31. Bc1 a5 32. e5 a4 33. Bd5 Be6 34. Bb7 Rc7
35. Be4 a3 36. d5 a2 0-1

[Event "65th ch-RUS HL w 2015"]
[Site "Kaliningrad RUS"]
[Date "2015.06.24"]
[Round "3.5"]
[White "Kovalevskaya, Ekaterina"]
[Black "Sukhareva, Evgeniya"]
[Result "1-0"]
[WhiteTitle "IM"]
[WhiteElo "2461"]
[BlackElo "2177"]
[WhiteFideId "4116704"]
[BlackFideId "4167155"]
[EventDate "2015.06.22"]

1. e4 c5 2. Nf3 e6 3. d4 cxd4 4. Nxd4 a6 5. c4 Nf6 6. Nc3 Qc7 7. Be2 d6 8. O-O
b6 9. Be3 Bb7 10. f3 Be7 11. Qd2 O-O 12. Rac1 Nbd7 13. Rfd1 Rac8 14. Bf1 Qb8 15.
Qf2 Bd8 16. Kh1 Bc7 17. Nde2 Rfe8 18. Ng3 Red8 19. Bd4 Bc6 20. a3 Re8 21. b4 Ba8
22. Na4 Bc6 23. Nb2 Bb7 24. Nd3 Bc6 25. Rd2 Red8 26. b5 Bb7 27. Nb4 e5 28. Be3
a5 29. Nc6 Bxc6 30. bxc6 Nc5 31. Rcd1 Ne6 32. Nf5 Kf8 33. Qh4 Re8 34. Bg5 Bd8
35. Bxf6 Bxf6 36. Qxh7 g6 37. Nxd6 Bg7 38. Nxe8 Rxe8 39. Rd7 Nd4 40. c5 b5 41.
a4 1-0

[Event "65th ch-RUS HL w 2015"]
[Site "Kaliningrad RUS"]
[Date "2015.06.24"]
[Round "3.6"]
[White "Matveeva, Svetlana"]
[Black "Ovod, Evgenija"]
[Result "1/2-1/2"]
[WhiteTitle "IM"]
[BlackTitle "IM"]
[WhiteElo "2366"]
[BlackElo "2313"]
[WhiteFideId "4119827"]
[BlackFideId "4131827"]
[EventDate "2015.06.22"]

1. d4 Nf6 2. c4 e6 3. Nc3 Bb4 4. e3 O-O 5. Bd3 d5 6. a3 Bxc3+ 7. bxc3 c5 8. Nf3
Nc6 9. O-O Qc7 10. a4 Rd8 11. cxd5 exd5 12. Ba3 c4 13. Bc2 Bg4 14. Qb1 Bh5 15.
Nd2 Ng4 16. g3 Bg6 17. Re1 Bxc2 18. Qxc2 Qd7 19. f3 Nf6 20. Rab1 Rac8 21. Re2 b6
22. Kg2 Re8 23. Rb5 Na5 24. Qb1 Qc6 25. Kf2 Re6 26. Qc2 Rce8 27. Qb1 g6 28. Qc2
Kg7 29. Qb1 Kg8 30. Qc2 Kg7 31. Qb1 Kg8 32. Qc2 1/2-1/2

[Event "65th ch-RUS HL w 2015"]
[Site "Kaliningrad RUS"]
[Date "2015.06.24"]
[Round "3.7"]
[White "Drogovoz, Irina"]
[Black "Charochkina, Daria"]
[Result "1-0"]
[BlackTitle "IM"]
[WhiteElo "2187"]
[BlackElo "2398"]
[WhiteFideId "4176715"]
[BlackFideId "4180917"]
[EventDate "2015.06.22"]

1. c4 Nf6 2. d4 c6 3. Nf3 d5 4. g3 dxc4 5. Bg2 g6 6. O-O Bg7 7. a4 Be6 8. Ng5
Qd7 9. Na3 Na6 10. Nxe6 Qxe6 11. Qc2 Nb4 12. Qc3 a5 13. e3 O-O 14. Qxc4 Qd7 15.
Qb3 c5 16. Rd1 Rfd8 17. Bd2 Qf5 18. Nb5 Ne4 19. Be1 Nd6 20. Nxd6 exd6 21. Bxb4
axb4 22. Bxb7 Rab8 23. Bd5 cxd4 24. e4 Qd7 25. a5 Qa7 26. Ra4 Qc5 27. a6 Rd7 28.
Bb7 Rbxb7 29. axb7 Rxb7 30. Ra8+ Bf8 31. Qd5 Qc2 32. Qxd4 Rb6 33. Qxb6 Qxd1+ 34.
Kg2 Qc2 35. Qxb4 Qc6 36. Rd8 f5 37. Kf3 Kf7 38. Rb8 Be7 39. Rb7 Qc1 40. Qb3+ Kf8
41. Rb8+ Kg7 42. Qc3+ 1-0

[Event "65th ch-RUS HL w 2015"]
[Site "Kaliningrad RUS"]
[Date "2015.06.24"]
[Round "3.8"]
[White "Vasilevich, Tatjana"]
[Black "Baraeva, Marina"]
[Result "1-0"]
[WhiteTitle "IM"]
[BlackTitle "WIM"]
[WhiteElo "2397"]
[BlackElo "2182"]
[WhiteFideId "14101610"]
[BlackFideId "24142573"]
[EventDate "2015.06.22"]

1. d4 d5 2. c4 c6 3. Nc3 Nf6 4. e3 a6 5. Qc2 g6 6. Bd3 Bg7 7. Nf3 O-O 8. O-O Bg4
9. Ne5 Be6 10. c5 Nbd7 11. Nxd7 Qxd7 12. Na4 Qc7 13. f3 Rad8 14. Bd2 Nd7 15. b4
f5 16. f4 Nf6 17. Nb6 Ne4 18. a4 Nxd2 19. Qxd2 Bd7 20. b5 axb5 21. axb5 e6 22.
Ra7 Be8 23. Rb1 cxb5 24. g3 Rf7 25. Qa5 Bf6 26. Bxb5 Bc6 27. Bxc6 Qxc6 28. Na4
Re8 29. Nc3 Bd8 30. Qb5 Qxb5 31. Nxb5 Rd7 32. c6 bxc6 33. Rxd7 cxb5 34. Rxb5 Be7
35. Rbb7 Kf7 36. Kf2 h6 37. h4 Kf8 38. Ke2 Kf7 39. Kf3 Kf6 40. g4 fxg4+ 41. Kxg4
h5+ 42. Kf3 Kf7 43. e4 Kf8 44. exd5 exd5 45. Kg3 Bd8 46. Rf7+ Kg8 47. Rg7+ Kh8
48. Rh7+ Kg8 49. Rbg7+ Kf8 50. Rd7 Kg8 51. Rhg7+ Kh8 52. Rxg6 Re3+ 53. Kf2 Re8
54. Rh6+ Kg8 55. Rxh5 1-0

[Event "65th ch-RUS HL w 2015"]
[Site "Kaliningrad RUS"]
[Date "2015.06.24"]
[Round "3.9"]
[White "Baraeva, Irina"]
[Black "Tomilova, Elena"]
[Result "1/2-1/2"]
[WhiteTitle "WIM"]
[BlackTitle "WIM"]
[WhiteElo "2122"]
[BlackElo "2329"]
[WhiteFideId "24142565"]
[BlackFideId "4162340"]
[EventDate "2015.06.22"]

1. d4 d5 2. Nf3 Nf6 3. c4 dxc4 4. e3 Bg4 5. Bxc4 e6 6. O-O Bd6 7. Nc3 Nc6 8. h3
Bh5 9. b3 O-O 10. Bb2 a6 11. Rc1 Qe7 12. d5 Bxf3 13. Qxf3 Ne5 14. Qd1 b5 15. Be2
b4 16. Na4 Nxd5 17. Bxe5 Bxe5 18. Rc6 a5 19. Qc1 Nc3 20. Nxc3 Bxc3 21. a4 Rfd8
22. Bf3 Rab8 23. Qc2 Rd6 24. Qe4 Rxc6 25. Qxc6 Be5 26. Rc1 Bd6 27. Qa6 Qg5 28.
Rc6 Qf5 29. Qf1 Rd8 30. Ra6 g6 31. Rc6 h5 32. h4 Be5 33. Qc1 Qf6 34. Qc5 Bd6 35.
Qc4 Qa1+ 36. Qc1 Qf6 37. Qc4 Qa1+ 38. Qc1 Qe5 39. g3 Qf5 40. Kg2 Qd3 41. Qc4
Qxc4 42. Rxc4 c5 43. Rc1 Kf8 44. Rd1 Ke7 45. Be2 Rc8 46. Ba6 Rg8 47. Bc4 f6 48.
Be2 Rh8 49. Rh1 Be5 50. Rc1 Bd6 51. Rh1 Rh6 52. Bf3 Rh8 53. Be2 Be5 54. Rc1 Bc3
55. Rd1 Rc8 56. Bb5 Rc7 57. Bd3 Rd7 58. Bc2 Rxd1 59. Bxd1 Kd6 60. Be2 f5 61. Bc4
Bf6 1/2-1/2

[Event "65th ch-RUS HL w 2015"]
[Site "Kaliningrad RUS"]
[Date "2015.06.24"]
[Round "3.10"]
[White "Maltsevskaya, Aleksandra"]
[Black "Balaian, Alina"]
[Result "1-0"]
[BlackTitle "WIM"]
[WhiteElo "2129"]
[BlackElo "2261"]
[WhiteFideId "24174041"]
[BlackFideId "24115347"]
[EventDate "2015.06.22"]

1. e4 e6 2. d4 d5 3. Nc3 Bb4 4. e5 c5 5. Bd2 Ne7 6. Nb5 Bxd2+ 7. Qxd2 O-O 8. f4
Bd7 9. Nd6 cxd4 10. Nf3 Nbc6 11. Bd3 Qa5 12. Qxa5 Nxa5 13. Nxd4 f6 14. exf6 Rxf6
15. O-O Nac6 16. Nxc6 bxc6 17. Nb7 Rb8 18. Nc5 Be8 19. b3 Rb4 20. g3 h6 21. Rae1
Kf7 22. c3 Rb8 23. Re2 Rd8 24. g4 Ng6 25. f5 exf5 26. gxf5 Ne7 27. Re5 Bd7 28.
Rfe1 Ng8 29. c4 Bc8 30. b4 Rfd6 31. Ne6 Rxe6 32. fxe6+ Ke7 33. cxd5 Rxd5 34.
Rxd5 cxd5 35. Rc1 Kd8 36. Rc5 Ne7 37. Ra5 Bxe6 38. Rxa7 Nc6 39. Ra8+ Kc7 40. b5
Ne5 41. Bf1 d4 42. Ra7+ Kd6 43. Kf2 Ng4+ 44. Kg3 Ne3 45. Bd3 Nd1 46. Kf3 Nc3 47.
a4 Bd5+ 48. Kf2 Kc5 49. h4 g5 50. h5 g4 51. Rc7+ Kb6 52. Rh7 Nxa4 53. Rxh6+ Kc5
54. Rg6 Nb2 55. Ke2 Ba2 56. b6 Nxd3 57. b7 Bb1 58. b8=Q Kd5 1-0

[Event "65th ch-RUS HL w 2015"]
[Site "Kaliningrad RUS"]
[Date "2015.06.24"]
[Round "3.11"]
[White "Protopopova, Anastasiya"]
[Black "Mirzoeva, Elmira"]
[Result "1/2-1/2"]
[WhiteTitle "WFM"]
[BlackTitle "WGM"]
[WhiteElo "2100"]
[BlackElo "2233"]
[WhiteFideId "24172073"]
[BlackFideId "4127951"]
[EventDate "2015.06.22"]

1. Nf3 Nf6 2. c4 d6 3. d4 Nbd7 4. Nc3 e5 5. e4 Be7 6. Be2 O-O 7. O-O c6 8. h3
exd4 9. Nxd4 Nc5 10. Qc2 Re8 11. Re1 Bf8 12. Bf1 Qb6 13. Bg5 Nfd7 14. Rad1 Ne6
15. Be3 Nxd4 16. Bxd4 Qa5 17. f4 Nb6 18. b3 Qh5 19. Qf2 c5 20. Be3 Bd7 21. Be2
Qg6 22. Bf3 Bc6 23. Rd3 f5 24. exf5 Qxf5 25. Red1 a6 26. Nd5 Nxd5 27. Bxd5+ Bxd5
28. Rxd5 Qe4 29. Bc1 b5 30. f5 bxc4 31. f6 Ra7 32. fxg7 Rxg7 33. bxc4 Qe2 34.
Bf4 Qxf2+ 35. Kxf2 Rf7 36. Kg3 Re4 37. Bxd6 Bxd6+ 38. Rxd6 Re3+ 39. Kh2 Ra3 40.
R1d2 Ra4 41. Rc6 Rxc4 42. Rxa6 Rc7 43. Rad6 Ra4 44. Rd8+ Kg7 45. R8d7+ 1/2-1/2

[Event "65th ch-RUS HL w 2015"]
[Site "Kaliningrad RUS"]
[Date "2015.06.24"]
[Round "3.12"]
[White "Ivina, Valeria"]
[Black "Rodionova, Daria"]
[Result "0-1"]
[BlackTitle "WFM"]
[WhiteElo "1983"]
[BlackElo "2223"]
[WhiteFideId "34125326"]
[BlackFideId "24136638"]
[EventDate "2015.06.22"]

1. c4 c5 2. Nc3 Nc6 3. g3 g6 4. e3 Bg7 5. Nge2 e5 6. Bg2 d6 7. d3 Nge7 8. O-O
O-O 9. a3 a5 10. Rb1 Rb8 11. Qc2 Be6 12. Nd5 b5 13. b3 Qd7 14. Bd2 b4 15. axb4
axb4 16. Ra1 Bh3 17. Ra6 Bxg2 18. Kxg2 Nxd5 19. cxd5 Na7 20. Rfa1 Nb5 21. R1a5
f5 22. f4 Qf7 23. e4 exf4 24. gxf4 g5 25. Bc1 fxe4 26. dxe4 gxf4 27. Kf1 Qh5 28.
Ra2 Qf3+ 29. Ke1 Qh1+ 30. Kf2 Nd4 31. Qd2 Nxe2 32. Qxe2 Bd4+ 0-1

[Event "65th ch-RUS HL w 2015"]
[Site "Kaliningrad RUS"]
[Date "2015.06.25"]
[Round "4.1"]
[White "Kovanova, Baira"]
[Black "Guseva, Marina"]
[Result "1/2-1/2"]
[WhiteTitle "WGM"]
[BlackTitle "IM"]
[WhiteElo "2388"]
[BlackElo "2410"]
[WhiteFideId "4164083"]
[BlackFideId "4149351"]
[EventDate "2015.06.22"]

1. e4 c6 2. d4 d5 3. Nc3 dxe4 4. Nxe4 Bf5 5. Ng3 Bg6 6. Nf3 e6 7. Bd3 Nd7 8.
Bxg6 hxg6 9. O-O Ngf6 10. Bg5 Qb6 11. Qe2 c5 12. c3 cxd4 13. Nxd4 Bc5 14. Rad1
O-O 15. h4 Rfe8 16. h5 gxh5 17. Nxh5 Nxh5 18. Qxh5 Nf8 19. Rd3 Bxd4 20. Rxd4 e5
21. Rh4 f6 22. Bh6 Re7 23. Be3 Qe6 24. Rh3 Rae8 25. Rd1 b6 26. Qh8+ Kf7 27. Bh6
Qg4 28. Rd6 Qg6 29. Bc1 Qc2 30. Qh5+ Ng6 31. Qd1 Qxd1+ 32. Rxd1 Nf4 33. Rf3 Ne2+
34. Kf1 Nxc1 35. Rxc1 Rd8 36. Ke2 Red7 37. Rc2 Ke6 38. c4 Rd4 39. Ra3 R8d7 40.
f3 g5 41. Ra6 g4 42. c5 gxf3+ 43. gxf3 Rb7 44. a3 Kd5 45. cxb6 1/2-1/2

[Event "65th ch-RUS HL w 2015"]
[Site "Kaliningrad RUS"]
[Date "2015.06.25"]
[Round "4.2"]
[White "Kashlinskaya, Alina"]
[Black "Pustovoitova, Daria"]
[Result "1-0"]
[WhiteTitle "IM"]
[BlackTitle "FM"]
[WhiteElo "2432"]
[BlackElo "2351"]
[WhiteFideId "4198026"]
[BlackFideId "4182146"]
[EventDate "2015.06.22"]

1. d4 e6 2. c4 c5 3. d5 exd5 4. cxd5 d6 5. e4 g6 6. Nc3 a6 7. f4 Bg7 8. Nf3 Bg4
9. Be2 Bxf3 10. Bxf3 Ne7 11. O-O O-O 12. a4 Nd7 13. Rb1 f5 14. Bd2 Qb6 15. Kh1
Rae8 16. g4 fxe4 17. Nxe4 h6 18. Qc2 Qc7 19. Rbe1 b5 20. axb5 axb5 21. Nxd6 Qxd6
22. Re6 Qb8 23. Rfe1 Rxf4 24. Qd3 Rxf3 25. Qxf3 Rf8 26. Qg2 Nc8 27. Rxg6 Rf6 28.
Rxf6 Nxf6 29. g5 hxg5 30. Bxg5 Qd6 31. Bxf6 Qxf6 32. Re8+ Kf7 33. Rxc8 Qe5 34.
Qf3+ Bf6 35. Rxc5 Qe1+ 36. Kg2 Qe5 37. Rc2 Qg5+ 38. Kh1 Ke8 39. Qe4+ Kd8 40. Qe6 1-0

[Event "65th ch-RUS HL w 2015"]
[Site "Kaliningrad RUS"]
[Date "2015.06.25"]
[Round "4.3"]
[White "Bodnaruk, Anastasia"]
[Black "Kovalevskaya, Ekaterina"]
[Result "1-0"]
[WhiteTitle "IM"]
[BlackTitle "IM"]
[WhiteElo "2428"]
[BlackElo "2461"]
[WhiteFideId "4181751"]
[BlackFideId "4116704"]
[EventDate "2015.06.22"]

1. e4 c5 2. Nf3 Nc6 3. d4 cxd4 4. Nxd4 Nf6 5. Nc3 d6 6. Bc4 Bd7 7. Bb3 e6 8. Be3
Be7 9. f4 O-O 10. Qf3 Nxd4 11. Bxd4 Bc6 12. O-O-O b5 13. g4 b4 14. Bxf6 Bxf6 15.
Ne2 a5 16. g5 Be7 17. h4 a4 18. Bc4 Qa5 19. Nd4 Qc5 20. Nxc6 Qxc6 21. b3 Ra5 22.
Rd4 Rc8 23. Qd3 Qa8 24. Kb1 axb3 25. Bxb3 Rc3 26. Qe2 Qa7 27. Rhd1 Qb6 28. f5
exf5 29. exf5 Re5 30. Qg4 d5 31. Rxd5 Rxd5 32. Rxd5 Re3 33. Rd1 Qc7 34. g6 hxg6
35. fxg6 Bf6 36. gxf7+ Kf8 37. Qxb4+ Re7 38. Qc5 Qb8 39. Qh5 g6 40. Qh7 1-0

[Event "65th ch-RUS HL w 2015"]
[Site "Kaliningrad RUS"]
[Date "2015.06.25"]
[Round "4.4"]
[White "Savina, Anastasia"]
[Black "Belenkaya, Dina"]
[Result "1-0"]
[WhiteTitle "IM"]
[BlackTitle "WFM"]
[WhiteElo "2422"]
[BlackElo "2213"]
[WhiteFideId "4196872"]
[BlackFideId "24142654"]
[EventDate "2015.06.22"]

1. d4 d5 2. c4 dxc4 3. e3 Nf6 4. Bxc4 e6 5. Nf3 a6 6. Qe2 b5 7. Bd3 Bb7 8. O-O
Nbd7 9. a4 b4 10. e4 Be7 11. Nbd2 c5 12. e5 Nd5 13. Ne4 h6 14. Ng3 cxd4 15. Nh5
Kf8 16. Nxd4 Qb6 17. Nf3 Nc5 18. Be3 Nxe3 19. fxe3 Nxd3 20. Qxd3 Qc6 21. Rac1
Qe4 22. Qxe4 Bxe4 23. Nd4 Bg5 24. Nxe6+ Kg8 25. Nxg5 hxg5 26. Ng3 Bd5 27. Rc5
Bb3 28. a5 Re8 29. Ne4 Rh6 30. Nxg5 Rh5 31. Nf3 Ba4 32. Rfc1 Bb5 33. Rc8 Kf8 34.
Kf2 Rxc8 35. Rxc8+ Ke7 36. Rb8 f6 37. Rb7+ Bd7 38. g4 Rh3 39. Kg2 Rh8 40. Kg3
Rc8 41. g5 fxg5 42. Nd4 Ke8 43. e6 Bb5 44. Nxb5 axb5 45. a6 1-0

[Event "65th ch-RUS HL w 2015"]
[Site "Kaliningrad RUS"]
[Date "2015.06.25"]
[Round "4.5"]
[White "Rodionova, Daria"]
[Black "Vasilevich, Tatjana"]
[Result "1/2-1/2"]
[WhiteTitle "WFM"]
[BlackTitle "IM"]
[WhiteElo "2223"]
[BlackElo "2397"]
[WhiteFideId "24136638"]
[BlackFideId "14101610"]
[EventDate "2015.06.22"]

1. e4 c5 2. Nf3 a6 3. c4 Nc6 4. d4 cxd4 5. Nxd4 Nf6 6. Nc3 e5 7. Nc2 h6 8. a3
Bc5 9. Be3 Bxe3 10. Nxe3 d6 11. Qd3 O-O 12. Rd1 Qa5 13. Be2 Be6 14. O-O Rac8 15.
Nc2 Rfd8 16. Nd5 Bxd5 17. cxd5 Na7 18. Ne3 Qa4 19. Nc4 Qe8 20. Rc1 Nb5 21. Nb6
Rxc1 22. Rxc1 Nd7 23. Nxd7 Qxd7 24. h3 Rc8 25. Rc4 Rc5 26. b4 Rxc4 27. Qxc4 Nxa3
28. Qc3 Nb5 29. Bxb5 axb5 30. f3 g6 31. Kh2 Qd8 32. Qd3 Qb6 33. Kg3 Kg7 34. Kh2
Qa6 35. Qc3 Qa4 36. Qd2 Qb3 37. Kg3 Qc4 38. Kh2 f5 39. Qe1 g5 40. Kg1 Kf6 41.
Kh2 h5 42. g4 hxg4 43. hxg4 Qc2+ 44. Kg1 fxg4 45. fxg4 Kg6 46. Kh1 Kg7 47. Kg1
Kg6 48. Kh1 Kg7 49. Kg1 Kg6 1/2-1/2

[Event "65th ch-RUS HL w 2015"]
[Site "Kaliningrad RUS"]
[Date "2015.06.25"]
[Round "4.6"]
[White "Styazhkina, Anna"]
[Black "Matveeva, Svetlana"]
[Result "0-1"]
[WhiteTitle "WIM"]
[BlackTitle "IM"]
[WhiteElo "2214"]
[BlackElo "2366"]
[WhiteFideId "24119300"]
[BlackFideId "4119827"]
[EventDate "2015.06.22"]

1. e4 g6 2. d4 Bg7 3. Nc3 c6 4. f4 d5 5. e5 Nh6 6. Be3 Ng4 7. Qd2 c5 8. Nf3 Nxe3
9. Qxe3 Nc6 10. Bb5 O-O 11. Bxc6 bxc6 12. dxc5 Rb8 13. O-O-O Qa5 14. Nd2 f6 15.
Nb3 Qc7 16. e6 f5 17. Ne2 a5 18. c3 Ba6 19. Nbd4 a4 20. a3 Bc4 21. Rd2 Qb7 22.
h4 h5 23. Rh3 Kh7 24. Rg3 Bh6 25. Ng1 Qa7 26. Ngf3 Qxc5 27. Ne5 Rg8 28. Nexc6
Rb6 29. Nb4 Qd6 30. Rf2 Rf8 31. Qd2 Bg7 32. Nf3 Bf6 33. Nd3 Bxd3 34. Qxd3 Qxf4+
35. Kd1 Qe4 36. Rd2 Rxe6 37. Kc1 Rd6 38. Qf1 Rc8 39. Qf2 Qc4 40. Nd4 Bxh4 41.
Re2 Rc7 42. Qf4 Bxg3 43. Qxg3 Rf6 44. Qg5 Qa6 45. Re5 Qd6 46. Qe3 f4 47. Qe2 Rb7
48. Ne6 Kg8 49. Ng5 Qc5 50. Qd2 Rd7 51. Ne4 dxe4 52. Rxc5 Rxd2 53. Kxd2 Rb6 54.
Rc4 Rxb2+ 55. Ke1 f3 56. gxf3 exf3 57. Rxa4 Kg7 58. Kf1 g5 59. Ra5 Kf6 60. a4 e5 0-1

[Event "65th ch-RUS HL w 2015"]
[Site "Kaliningrad RUS"]
[Date "2015.06.25"]
[Round "4.7"]
[White "Bivol, Alina"]
[Black "Drogovoz, Irina"]
[Result "1/2-1/2"]
[WhiteTitle "WIM"]
[WhiteElo "2354"]
[BlackElo "2187"]
[WhiteFideId "4100123"]
[BlackFideId "4176715"]
[EventDate "2015.06.22"]

1. e4 c5 2. Nf3 d6 3. d4 cxd4 4. Nxd4 Nf6 5. Nc3 a6 6. Be2 e5 7. Nb3 Be6 8. f4
exf4 9. Bxf4 Nc6 10. Qd2 Be7 11. Rd1 Ne5 12. Nd4 Rc8 13. Nxe6 fxe6 14. Bxe5 dxe5
15. Qg5 Qb6 16. Qxg7 Rf8 17. Rf1 Rc7 18. Qg5 Rd7 19. Qxe5 Rxd1+ 20. Nxd1 Qb4+
21. c3 Qxe4 22. Qxe4 Nxe4 23. Rxf8+ Bxf8 24. Bd3 Nf6 25. Nf2 h6 26. Bc4 Kd7 27.
Ke2 Bd6 28. h3 h5 29. Kf3 h4 30. Bb3 b5 31. Bc2 Kc6 32. Bg6 b4 33. cxb4 Bxb4 34.
Kf4 Kd5 35. Bf7 Bd2+ 36. Kf3 Nd7 37. Ke2 Bg5 38. Bg6 Ne5 39. Be4+ Kd4 40. Bb7 a5
41. Bc8 Nc4 42. b3 Ne3 43. Kf3 e5 44. Bb7 Nc2 45. Ne4 Be7 46. Nd2 Nb4 47. Kg4 e4
48. Nxe4 Nxa2 49. Nd2 Nc1 50. Nf3+ Kc5 51. Nd2 Kd4 52. Bc6 Nd3 53. Nf3+ Kc5 54.
Ba4 Kb4 55. Nd4 Ne5+ 56. Kf5 Bd6 57. Ke6 Bb8 58. Kd5 Kc3 59. Nf5 Ng6 60. Ke4 Kb4
61. Kf3 Ne5+ 62. Ke2 Ng6 63. Kf2 Bc7 64. Kf3 Ne5+ 65. Ke4 Ng6 66. Nd4 Nf4 67.
Kf3 Ng6 68. Nc2+ Kc5 69. Kg4 Bg3 70. Ne3 Ne7 71. Nc4 Kb4 72. Nd2 Nd5 73. Bc6
Ne3+ 74. Kf3 Nc2 75. Bd5 Be1 76. Nc4 Nd4+ 77. Ke3 Nxb3 78. Ne5 Bg3 79. Nc6+ Kc5
80. Bxb3 1/2-1/2